Juventus - prawda czy fałsz? - Statystyki

Ogólne statystyki
  • Ten quiz został rozwiązany 197 razy
  • Średni wynik to 12 z 15
Statystyki odpowiedzi
Zagadnienie Odpowiedź % Poprawnych
Przydomkiem klubu jest (Królewcy) Fałsz
98%
Najwięcej bramek dla klubu posiada Alessandro Del Piero Prawda
94%
Grał tu Zinédine Zidane Prawda
94%
Maskotką jest zebra Jay Prawda
92%
Posiada najwięcej Scudetto Prawda
91%
Allianz Stadium to stadion Juventusu Prawda
89%
Grał w nim Paulo Maldini Fałsz
88%
Zdobył ligę mistrzów w XXI wieku Fałsz
81%
Nigdy nie spadł z Serie a Fałsz
77%
Wygrał jakieś trofeum w sezonie 23/24 Prawda
77%
Powstał w XIX wieku Prawda
69%
Kapitanem jest Leonardo Bonucci Fałsz
63%
Carlo Ancelotti był trenerem Juventusu Prawda
63%
Gianluigi Buffon posiada najwięcej występów dla klubu Prawda
63%
Został klubowym mistrzem świata Fałsz
61%
Nie znaleziono quizów pasujących do podanych kryteriów
Rozkład punktacji
Procent ludzi z każdym wynikiem
Percentyl według liczby udzielonych odpowiedzi
Twoja historia wyników
Nie rozwiązałeś tego quizu